Top 15 New York Yankees of All-Time - Statistics

General Stats
  • This quiz has been taken 25,878 times
    8,625 since last reset
  • The average score is 9 of 15
Answer Stats
WAR Years Position Player % Correct
142.7 1920–1934 OF Babe Ruth
98%
71.3 1995–2014 SS Derek Jeter
88%
62.3 2016– OF Aaron Judge
78%
110.3 1951–1968 OF Mickey Mantle
78%
113.7 1923–1939 1B Lou Gehrig
76%
53.8 2004–2013, 2015–2016 3B Alex Rodriguez
75%
79.1 1936–1942, 1946–1951 OF Joe DiMaggio
69%
59.7 1946–1963 C Yogi Berra
69%
56.3 1995–2013 P Mariano Rivera
63%
49.6 1991–2006 OF Bernie Williams
43%
57.0 1950, 1953-1967 P Whitey Ford
41%
51.1 1995–2003, 2007–2010, 2012–2013 P Andy Pettitte
39%
56.4 1928–1943, 1946 C Bill Dickey
17%
54.1 1976–1988 2B Willie Randolph
17%
56.8 1930–1942, 1945–1946 P Red Ruffing
10%
No matching quizzes found
Score Distribution
Percent of People with Each Score
Percentile by Number Answered
Your Score History
You have not taken this quiz since the last reset